Redacció i presentació d'informes : manual de consulta / [text: Núria Altés Juan i Xavier Pejó Orellana] manual de consulta / [text:
Publicado:
Barcelona :
Diputació de Barcelona. Àrea de Coordinació i Govern Local. Servei de Formació Local ,
2007
Descripción Física:
106 p. ; 30 cm
Otros Autores:
Pejó Orellana, Xavier
MARC
| LEADER | 00000nam a2200000Ia 4500 | ||
|---|---|---|---|
| 001 | 22055 | ||
| 008 | 160829s2007 xx 000 0 cat d | ||
| 080 | |a M-6-280 | ||
| 100 | |a Altés Juan, Núria |9 23638 | ||
| 245 | |a Redacció i presentació d'informes : |b manual de consulta / [text: |b Núria Altés Juan i Xavier Pejó Orellana] | ||
| 250 | |a 2a ed. | ||
| 260 | |a Barcelona : |b Diputació de Barcelona. Àrea de Coordinació i Govern Local. Servei de Formació Local, |c 2007 | ||
| 300 | |a 106 p. ; |c 30 cm | ||
| 590 | |a Bibliografia | ||
| 650 | |a Informes |x Redacció |9 23643 | ||
| 650 | |a Català administratiu |9 23641 | ||
| 700 | |a Pejó Orellana, Xavier |9 23642 | ||
| 710 | |a Barcelona (Catalunya : Província). |b Servei de Formació Local |9 53659 | ||
| 901 | |a Arxiu | ||
| 942 | |n 1 | ||
| 952 | |0 0 |1 0 |4 0 |6 M6280 |7 1 |9 49023 |a Arxiu |b Arxiu |d 2016-12-01 |l 0 |o M-6-280 |p 22055 |r 2016-12-01 00:00:00 |w 2016-12-01 |y ARXIU | ||
| 999 | |c 52859 |d 52859 | ||